| 000 | 00833cab a2200289 4500 | ||
|---|---|---|---|
| 001 | ABS60458 | ||
| 008 | 090401t1999 xxu||||| |||| 00| 0 eng d | ||
| 035 | _a(Sirsi) u93131 | ||
| 041 | _aeng | ||
| 245 | _aRegional survey: South Wales | ||
| 260 | _c1999 | ||
| 350 | _a0 | ||
| 490 |
_aProperty Week _v64 (16) 23 April 1999, 37-56(10) |
||
| 650 | _aCARDIFF BAY | ||
| 650 | _aCARDIFF | ||
| 650 | _aDEVOLUTION | ||
| 650 | _aINDUSTRIAL MARKET | ||
| 650 | _aNEWPORT | ||
| 650 | _aPROPERTY-COMMERCIAL PROPERTY-OFFICE PROPERTY-OFFICE PROPERTY MARKET | ||
| 650 | _aPROPERTY-COMMERCIAL PROPERTY-RETAIL PROPERTY-RETAIL PROPERTY MARKET | ||
| 650 | _aSOUTH WALES | ||
| 650 | _aSWANSEA | ||
| 650 | _aWELSH ASSEMBLY | ||
| 690 | _aPROPERTY-COMMERCIAL PROPERTY-COMMERCIAL PROPERTY MARKET | ||
| 942 | _n0 | ||
| 948 | _c05/05/1999 | ||
| 999 |
_c59017 _d59017 |
||